Euclides algorithm and solving systems of linear equations - implementation in MS Excel

Existuje veľmi veľa prístupov na riešenie systémov lineárnych rovníc (SLR), ktoré sú vhodné na riešenie rôznych špeciálnych typov SLR. Príspevok sa zaoberá možnosťou využitia Euklidovho algoritmu na hľadanie najväčšieho spoločného deliteľa celých čísel, z ktorých aspoň jedno je rôzne od nuly, na rie...

Descrizione completa

Salvato in:
Dettagli Bibliografici
Autore principale: Fecenko, Jozef
Natura: Capitolo di libro
Lingua:slovacco
Soggetti:
Tags: Aggiungi Tag
Nessun Tag, puoi essere il primo ad aggiungerne!!

MARC

LEADER 00000nla a2200000 4500
001 0236780
005 20240502073828.0
041 0 |a slo 
044 |a SK 
245 1 0 |a Euclides algorithm and solving systems of linear equations - implementation in MS Excel  |c Jozef Fecenko 
520 |a Existuje veľmi veľa prístupov na riešenie systémov lineárnych rovníc (SLR), ktoré sú vhodné na riešenie rôznych špeciálnych typov SLR. Príspevok sa zaoberá možnosťou využitia Euklidovho algoritmu na hľadanie najväčšieho spoločného deliteľa celých čísel, z ktorých aspoň jedno je rôzne od nuly, na riešenie SLR s celočíselnými koeficientmi ekvivalentnými úpravami.Táto metóda nie je univerzálna, ale môže pomôcť, v mnohých prípadoch sa vyhnúť počítaniu so zlomkami v procese riešenia SLR. Implementácia algoritmu v MS Excel a efektívny algoritmus riešenia SLR, aj s parametrami, v prostredí softvéru Maxima. 
610 2 0 |a rovnice lineárne 
610 2 0 |a algoritmy 
610 2 0 |a softvér 
610 2 0 |a matematika 
100 1 |a Fecenko, Jozef